000
00317nam a2200145Ia 4500
100
_a
Ali Ashraf/ M.d.
942
_c
BK
654
_a
vector
245
_a
Vector analysis with application
260
_b
Wiley eastern
_a
New Delhi
_c
1993
082
_a
515.63
_b
PAN
300
_a
308
546
_a
ENGLISH
999
_c
35125
_d
35125